| 000 | 00000nam 2200000za 4500 |
| 001 | 9.841035 |
| 003 | CaOODSP |
| 005 | 20221107152005 |
| 007 | cr ||||||||||| |
| 008 | 170803s2016 sncad #o f000 0 fre d |
| 040 | |aCaOODSP|bfre |
| 043 | |an-cn--- |
| 086 | 1 |aCC213-12/2016F-PDF |
| 245 | 00|aSecteur laitier canadien, tour d'horizon |h[ressource électronique]. |
| 246 | 1 |iEn tête du titre : |aFAC économie agricoalimentaire |
| 260 | |a[Regina, Sask.] : |bFinancement agricole Canada, |c2016. |
| 300 | |a5, [1] p. :|bill. en coul. |
| 500 | |aTitre de la couv. |
| 500 | |aEn tête du titre : FAC économie agricoalimentaire. |
| 500 | |a« Printemps 2016 ». |
| 500 | |aPublié aussi en anglais sous le titre : The Canadian dairy sector looking forward. |
| 520 | 0 |a« Faits saillants : On prévoit une augmentation de la consommation canadienne de produits laitiers, soutenue principalement par une évolution à la hausse de la consommation de fromages de spécialité, de yogourt et de beurre; Les textes des accords commerciaux signés récemmentétant maintenant disponibles, le secteur a désormais une idée claire de l’accès potentiel au marché dont bénéficieront les produits laitiers étrangers; Les producteurs laitiers canadiens doivent gérer l’accroissement des coûts compte tenu des nouvelles orientations des prix du lait afin de demeurer concurrentiels; Les frais d’exploitation des producteurs canadiens qui se situent dans la tranche supérieure de 20 % ne dépassent pas 0,55 $ pour chaque dollar de revenus tandis que ceux qui se situent dans la tranche supérieure de 50 % dépensent 0,10 $ de plus pour chaque dollar gagné »--Introd., p. 1. |
| 692 | 07|2gccst|aIndustrie laitière |
| 692 | 07|2gccst|aStatistiques de l'agriculture |
| 692 | 07|2gccst|aPrévision économique |
| 710 | 2 |aFinancement agricole Canada. |
| 775 | 08|tThe Canadian dairy sector looking forward |w(CaOODSP)9.841003 |
| 856 | 40|qPDF|s801 Ko|uhttps://publications.gc.ca/collections/collection_2017/fac-fcc/CC213-12-2016-fra.pdf |